Normal view
MARC view
Entry Geographic Name
001 - CONTROL NUMBER
- control field: 587
003 - CONTROL NUMBER IDENTIFIER
- control field: csc
005 - DATE AND TIME OF LATEST TRANSACTION
- control field: 20140507162051.0
008 - FIXED-LENGTH DATA ELEMENTS
- fixed length control field: 130215|| aca||aabn | a|a d
040 ## - CATALOGING SOURCE
- Original cataloging agency: csc
- Transcribing agency: csc
151 ## - HEADING--GEOGRAPHIC NAME
- Geographic name: Russia
- General subdivision: Social conditions
- Chronological subdivision: 1801-1917
- Form subdivision: Fiction.
670 ## - SOURCE DATA FOUND
- Source citation: Work cat.: (csc)28: Dostoyevsky, Fyodor, 1821-1881. 929, The idiot /, 2004.